000 00847nas a2200277 4500
001 BR9201013
003 BR-BrBNA
005 20231205092334.0
007 ta
008 230509b bl.|||p| |||| 00| 00por d
040 _aBR-BrBNA
_bpor
_cBiblioteca Nacional de Agricultura
041 _a(Pt)
072 _aK50
100 1 _aMendes, A. de S.
100 1 _aAlves, M.V. da S.
100 1 _aSiqueira, A.B.
245 1 _aCaracteristicas de preservacao de Eucalyptus citriodora e Eucalyptus paniculata para uso final como postes de eletrificacao
650 _aEUCALIPTO
650 _aMADEIRA
650 _aPRESERVACAO DA MADEIRA
650 _aPOSTE
650 _aELETRIFICACAO
773 0 _tBrasil Florestal (Brazil)
_x
_g(Apr-Jun 1988), v. 15(64) p. 29-34
_wBR9201013
909 _a202311
_bLúcia
_c55
_dLúcia Elande
942 _2AGRIS
_n0
_cANA
999 _c131038
_d131038